[Event "FICGS W-ch st1 g05 email"]
[Site "FICGS email"]
[Date "2019.07.01"]
[Round "1"]
[White "Zmolil, Josef"]
[Black "Dimitrov, George"]
[Result "1/2-1/2"]
[WhiteElo "1698"]
[BlackElo "2004"]
[PlyCount "122"]
[EventDate "2019.??.??"]
[EventType "tourn (corr)"]
[EventRounds "8"]
[SourceTitle "Corr 2022"]
[Source "ChessBase"]
[SourceDate "2021.10.24"]
[SourceVersion "1"]
[SourceVersionDate "2021.10.24"]
[SourceQuality "1"]

1. d4 Nf6 2. c4 g6 3. Nc3 d5 4. cxd5 Nxd5 5. e4 Nxc3 6. bxc3 Bg7 7. Bc4 c5 8. Ne2 Nc6 9. Be3 0-0 10. 0-0 Bg4 11. f3 Bd7 12. Rb1 Qc7 13. dxc5 Rfd8 14. Bb3 Na5 15. Qc2 e6 16. c4 Be8 17. Kh1 Nc6 18. Ba4 Nd4 19. Nxd4 Bxa4 20. Qxa4 Bxd4 21. Bxd4 Rxd4 22. Qb5 Rad8 23. Qxb7 Qxc5 24. Rfc1 Rd2 25. a4 a6 26. Qb3 R8d3 27. Qb8+ Kg7 28. h3 g5 29. Qg3 h6 30. h4 Kg6 31. Qh3 Qf2 32. Rg1 gxh4 33. Qg4+ Kh7 34. Qf4 Rd7 35. Kh2 Rc2 36. Rbc1 Rxc1 37. Rxc1 f5 38. Rg1 Rg7 39. Kh1 Qg3 40. Qxg3 hxg3 41. exf5 exf5 42. c5 Kg6 43. Rc1 Kf6 44. Kg1 Ke5 45. Kf1 h5 46. c6 Kd6 47. Rc4 Rc7 48. Rf4 Rf7 49. Rc4 f4 50. Ke2 h4 51. c7 Rxc7 52. Rxf4 Rc2+ 53. Ke3 Rxg2 54. Rxh4 Ra2 55. Rh6+ Ke5 56. Rxa6 Ra3+ 57. Ke2 g2 58. Kf2 Ra2+ 59. Kg1 Kf4 60. Kh2 Kxf3 61. a5 g1Q+ 1/2-1/2

[Event "FICGS W-ch st1 g04 email"]
[Site "FICGS email"]
[Date "2018.11.01"]
[Round "1"]
[White "Gossmann, Ewald J"]
[Black "Zmolil, Josef"]
[Result "1/2-1/2"]
[WhiteElo "2122"]
[BlackElo "1582"]
[PlyCount "91"]
[EventDate "2018.??.??"]
[EventType "tourn (corr)"]
[EventRounds "8"]
[SourceTitle "Corr 2022"]
[Source "ChessBase"]
[SourceDate "2021.10.24"]
[SourceVersion "1"]
[SourceVersionDate "2021.10.24"]
[SourceQuality "1"]

1. Nf3 Nf6 2. g3 g6 3. c4 c5 4. d4 cxd4 5. Nxd4 Nc6 6. Bg2 Bg7 7. Nc3 0-0 8. 0-0 Nxd4 9. Qxd4 d6 10. Qd3 a6 11. a4 Nd7 12. Qc2 Nc5 13. Rb1 a5 14. b3 Rb8 15. Rd1 Bf5 16. e4 Bd7 17. Bg5 b6 18. Qd2 Bc6 19. Nd5 Re8 20. Bh6 Bxh6 21. Qxh6 e6 22. Nc3 Qe7 23. h4 Red8 24. Qe3 Qb7 25. Rd2 Qe7 26. Kh2 h5 27. Nb5 Bxb5 28. cxb5 Rd7 29. Rbd1 Rbd8 30. Qc3 Qf8 31. Qe3 Qg7 32. Rd4 Qf6 33. Kg1 Kg7 34. R1d2 Kh7 35. Qc3 Kg8 36. Qe3 Kg7 37. Qc3 Kh7 38. Qc2 Qe7 39. Qd1 Kg8 40. Kh2 Nb7 41. f4 Kg7 42. f5 Nc5 43. Bh3 Kg8 44. Kg2 Kh7 45. Kh2 Kh8 46. Bg2 1/2-1/2

[Event "FICGS W-ch st1 g04 email"]
[Site "FICGS email"]
[Date "2018.11.01"]
[Round "1"]
[White "Vasquez, Fernando Jose Pinto"]
[Black "Zmolil, Josef"]
[Result "1/2-1/2"]
[WhiteElo "1941"]
[BlackElo "1582"]
[PlyCount "143"]
[EventDate "2018.??.??"]
[EventType "tourn (corr)"]
[EventRounds "8"]
[SourceTitle "Corr 2022"]
[Source "ChessBase"]
[SourceDate "2021.10.24"]
[SourceVersion "1"]
[SourceVersionDate "2021.10.24"]
[SourceQuality "1"]

1. e4 c5 2. c3 Nf6 3. e5 Nd5 4. Nf3 Nc6 5. Bc4 Nb6 6. Bb3 c4 7. Bc2 d6 8. exd6 Qxd6 9. 0-0 Bg4 10. h3 Bh5 11. Re1 0-0-0 12. Be4 Qd7 13. Qc2 Bxf3 14. Bxf3 h5 15. b3 g5 16. Be4 g4 17. Na3 gxh3 18. Nxc4 Rg8 19. Nxb6+ axb6 20. d4 e6 21. d5 Ne5 22. g3 Bc5 23. Bf4 Ng4 24. Rf1 h4 25. b4 Bd6 26. dxe6 fxe6 27. Rad1 Qc7 28. Rxd6 Rxd6 29. Bxd6 Qxd6 30. Bxb7+ Kb8 31. Qh7 Rf8 32. Be4 h2+ 33. Kh1 Nxf2+ 34. Rxf2 Qd1+ 35. Kxh2 Rxf2+ 36. Kh3 Qf1+ 37. Kg4 Rf7 38. Qh8+ Kc7 39. Qe5+ Kd7 40. Kxh4 Qf6+ 41. Qxf6 Rxf6 42. a4 Rf1 43. Bd3 Rc1 44. Bb5+ Kd6 45. a5 bxa5 46. bxa5 Rxc3 47. a6 Rb3 48. Be2 Ke5 49. g4 Kf4 50. g5 Rg3 51. a7 Ra3 52. Bc4 Rxa7 53. Kh5 e5 54. g6 Kf5 55. Bd3+ Kf6 56. Kg4 Ra3 57. Bc2 Rc3 58. Be4 Rc1 59. Kf3 Rh1 60. Kg2 Rh4 61. Kf3 Rf4+ 62. Ke3 Rg4 63. Kf3 Rg1 64. Bd3 Rxg6 65. Bxg6 Kxg6 66. Ke4 Kf6 67. Ke3 Kf5 68. Kf3 e4+ 69. Ke3 Ke5 70. Ke2 Kd4 71. Kd2 e3+ 72. Ke2 1/2-1/2

[Event "FICGS W-ch st1 g04 email"]
[Site "FICGS email"]
[Date "2018.11.01"]
[Round "1"]
[White "Zmolil, Josef"]
[Black "Valentin, Laurentiu"]
[Result "1-0"]
[WhiteElo "1582"]
[BlackElo "1109"]
[PlyCount "29"]
[EventDate "2018.??.??"]
[EventType "tourn (corr)"]
[EventRounds "8"]
[SourceTitle "Corr 2022"]
[Source "ChessBase"]
[SourceDate "2021.10.24"]
[SourceVersion "1"]
[SourceVersionDate "2021.10.24"]
[SourceQuality "1"]

1. e4 c5 2. Nf3 d6 3. d4 cxd4 4. Nxd4 a6 5. Nc3 e5 6. Nb3 Nc6 7. Be3 f5 8. Nd5 Nf6 9. Bb6 Qd7 10. Nc7+ Kf7 11. Bc4+ Kg6 12. exf5+ Kh6 13. Be3+ g5 14. Ne6 Be7 15. Bxg5# 1-0

[Event "FICGS W-ch st1 g02 email"]
[Site "FICGS email"]
[Date "2018.03.02"]
[Round "1"]
[White "Zmolil, Josef"]
[Black "Joubert, Hennie"]
[Result "1-0"]
[WhiteElo "1591"]
[BlackElo "1284"]
[PlyCount "43"]
[EventDate "2018.??.??"]
[EventType "tourn (corr)"]
[EventRounds "8"]
[SourceTitle "Corr 2022"]
[Source "ChessBase"]
[SourceDate "2021.10.24"]
[SourceVersion "1"]
[SourceVersionDate "2021.10.24"]
[SourceQuality "1"]

1. c4 Nf6 2. Nc3 g6 3. d4 Bg7 4. e4 d6 5. Nf3 0-0 6. Be2 e5 7. 0-0 Nc6 8. d5 Ne7 9. b4 Bg4 10. Be3 Nd7 11. Rb1 f5 12. Ng5 Bxe2 13. Qxe2 Qc8 14. Ne6 Rf7 15. Nb5 c6 16. Nxd6 Qb8 17. Nxf7 Kxf7 18. Rfd1 fxe4 19. dxc6 Nxc6 20. Rxd7+ Kxe6 21. Qg4+ Kf6 22. Bg5# 1-0

[Event "FICGS W-ch st1 g02 email"]
[Site "FICGS email"]
[Date "2018.03.02"]
[Round "1"]
[White "Zmolil, Josef"]
[Black "Rodriguez Perez, Rene"]
[Result "0-1"]
[WhiteElo "1591"]
[BlackElo "1976"]
[PlyCount "72"]
[EventDate "2018.??.??"]
[EventType "tourn (corr)"]
[EventRounds "8"]
[SourceTitle "Corr 2022"]
[Source "ChessBase"]
[SourceDate "2021.10.24"]
[SourceVersion "1"]
[SourceVersionDate "2021.10.24"]
[SourceQuality "1"]

1. e4 e6 2. d4 d5 3. Nc3 dxe4 4. Nxe4 Nd7 5. Bd3 Ngf6 6. Nf3 c5 7. 0-0 Nxe4 8. Bxe4 Nf6 9. Bg5 cxd4 10. Nxd4 Be7 11. Bf3 0-0 12. Qd3 Qc7 13. Rfe1 Rd8 14. Rad1 h6 15. Bh4 Qb6 16. Qb3 g5 17. Bg3 g4 18. Be2 Rxd4 19. Qxb6 Rxd1 20. Qa5 b6 21. Qc3 Ne4 22. Rxd1 Nxc3 23. bxc3 Bf6 24. Bxg4 e5 25. Bf3 Rb8 26. Bd5 Be6 27. Bxe6 fxe6 28. Rd6 Rc8 29. Rxe6 Kf7 30. Rd6 h5 31. f3 Rxc3 32. Rd7+ Ke6 33. Rxa7 h4 34. Be1 Rxc2 35. Ra4 b5 36. Ra6+ Kf7 0-1

[Event "FICGS W-ch st1 g02 email"]
[Site "FICGS email"]
[Date "2017.07.01"]
[Round "1"]
[White "Grammatica, Andrea"]
[Black "Zmolil, Josef"]
[Result "1-0"]
[WhiteElo "2140"]
[BlackElo "1455"]
[PlyCount "49"]
[EventDate "2017.??.??"]
[EventType "tourn (corr)"]
[EventRounds "8"]
[SourceTitle "Corr 2022"]
[Source "ChessBase"]
[SourceDate "2021.10.24"]
[SourceVersion "1"]
[SourceVersionDate "2021.10.24"]
[SourceQuality "1"]

1. e4 c5 2. Nf3 Nc6 3. d4 cxd4 4. Nxd4 Nf6 5. Nc3 e5 6. Ndb5 d6 7. Bg5 a6 8. Na3 b5 9. Nd5 Be7 10. Bxf6 Bxf6 11. c3 0-0 12. Nc2 Bg5 13. a4 bxa4 14. Rxa4 a5 15. Bc4 Rb8 16. b3 Kh8 17. Nce3 g6 18. h4 Bxh4 19. g3 Bg5 20. f4 exf4 21. gxf4 Bh4+ 22. Kd2 Ne7 23. Qg1 Nxd5 24. Nxd5 Be6 25. Qh2 1-0

[Event "FICGS W-ch st1 g09 email"]
[Site "FICGS email"]
[Date "2016.11.02"]
[Round "1"]
[White "Zmolil, Josef"]
[Black "Duenas, Alexis"]
[Result "1/2-1/2"]
[WhiteElo "1115"]
[BlackElo "1900"]
[PlyCount "62"]
[EventDate "2016.??.??"]
[EventType "tourn (corr)"]
[EventRounds "8"]
[SourceTitle "Corr 2022"]
[Source "ChessBase"]
[SourceDate "2021.10.24"]
[SourceVersion "1"]
[SourceVersionDate "2021.10.24"]
[SourceQuality "1"]

1. d4 Nf6 2. c4 e6 3. Nc3 Bb4 4. e3 0-0 5. Bd3 d5 6. Nf3 c5 7. 0-0 dxc4 8. Bxc4 Nbd7 9. a3 Bxc3 10. bxc3 b6 11. Bd3 Bb7 12. Re1 Ne4 13. Bb2 f5 14. Qe2 Rf6 15. Rad1 Rg6 16. g3 Nd6 17. c4 Qe7 18. Ra1 Rf8 19. a4 a5 20. Nd2 Ne4 21. Rad1 Ndf6 22. Nf3 Ng4 23. Bxe4 Bxe4 24. dxc5 bxc5 25. Ne5 Nxe5 26. Bxe5 Qb7 27. Rd2 Bh1 28. f4 Bf3 29. Qd3 h5 30. Rb1 Qc6 31. Qd6 Qe4 1/2-1/2

[Event "FICGS W-ch st1 g03 email"]
[Site "FICGS email"]
[Date "2016.03.02"]
[Round "1"]
[White "Kopasov, Evgeny Aleksandrovi"]
[Black "Zmolil, Josef"]
[Result "1-0"]
[WhiteElo "1998"]
[BlackElo "1128"]
[PlyCount "33"]
[EventDate "2016.??.??"]
[EventType "tourn (corr)"]
[EventRounds "8"]
[SourceTitle "Corr 2022"]
[Source "ChessBase"]
[SourceDate "2021.10.24"]
[SourceVersion "1"]
[SourceVersionDate "2021.10.24"]
[SourceQuality "1"]

1. d4 Nf6 2. c4 e6 3. Nc3 Bb4 4. Qc2 0-0 5. Nf3 c5 6. dxc5 Na6 7. g3 Nxc5 8. Bg2 Nce4 9. 0-0 Nxc3 10. bxc3 Be7 11. e4 d6 12. e5 dxe5 13. Nxe5 Qc7 14. Qe2 Bd6 15. Re1 Nd7 16. Bf4 Nxe5 17. Bxe5 1-0

[Event "FICGS W-ch st1 g03 email"]
[Site "FICGS email"]
[Date "2016.03.02"]
[Round "1"]
[White "Piantadosi, Angelo"]
[Black "Zmolil, Josef"]
[Result "1-0"]
[WhiteElo "1373"]
[BlackElo "1128"]
[PlyCount "23"]
[EventDate "2016.??.??"]
[EventType "tourn (corr)"]
[EventRounds "8"]
[SourceTitle "Corr 2022"]
[Source "ChessBase"]
[SourceDate "2021.10.24"]
[SourceVersion "1"]
[SourceVersionDate "2021.10.24"]
[SourceQuality "1"]

1. d4 d5 2. c4 c6 3. cxd5 cxd5 4. Nc3 Nf6 5. Nf3 Nc6 6. Bg5 e6 7. e3 Be7 8. Bd3 0-0 9. 0-0 h6 10. Bh4 b6 11. Rc1 Bb7 12. a3 1-0

[Event "FICGS W-ch st1 g07 email"]
[Site "FICGS email"]
[Date "2015.07.02"]
[Round "1"]
[White "Zmolil, Josef"]
[Black "Vasquez, Fernando Jose Pinto"]
[Result "0-1"]
[WhiteElo "1128"]
[BlackElo "2108"]
[PlyCount "24"]
[EventDate "2015.??.??"]
[EventType "tourn (corr)"]
[EventRounds "8"]
[SourceTitle "Corr 2022"]
[Source "ChessBase"]
[SourceDate "2021.10.24"]
[SourceVersion "1"]
[SourceVersionDate "2021.10.24"]
[SourceQuality "1"]

1. d4 Nf6 2. c4 e6 3. Nc3 Bb4 4. e3 0-0 5. Bd3 d5 6. Nf3 c5 7. 0-0 Nc6 8. a3 Bxc3 9. bxc3 Qc7 10. cxd5 exd5 11. a4 c4 12. Bc2 Bg4 0-1